| 000 | 00701nam a2200193Ia 4500 | ||
|---|---|---|---|
| 008 | 160319s9999 xx 000 0 und d | ||
| 245 | _aLearning Ladder Maths/Reading/Writing | ||
| 260 | _bDorling Kindersly | ||
| 260 | _c1998 | ||
| 300 | _a1 computer optical disc : | ||
| 300 | _bsound, colored ; | ||
| 300 | _c4 3/4 in. | ||
| 650 | _aEnglish language -- Problems, exercises, etc. -- Interactive multimedia -- | ||
| 650 | _aMathematics -- Problems, exercises, etc. -- Interactive multimedia -- | ||
| 650 | _aReading (Elementary) -- Problems, exercises, etc. -- Interactive multimedia -- | ||
| 650 | _xJuvenile software. | ||
| 650 | _xJuvenile software. | ||
| 650 | _xJuvenile software. | ||
| 999 |
_c292719 _d292719 |
||